| 000 | 00000nam##2200000za#4500 |
| 001 | 9.613146 |
| 003 | CaOODSP |
| 005 | 20210929082756 |
| 007 | ta |
| 008 | 150406|1996||||xxc||||| f|0| 0 eng|d |
| 020 | |a0-662-24462-1 |
| 040 | |aCaOODSP|beng |
| 043 | |an-cn--- |
| 086 | 1 |aFo29-6/69-1996E |
| 110 | 1 |aCanada. |bNatural Resources Canada. |bCanadian Forest Service. |
| 245 | 10|aCommon pitch moths of pine in British Columbia / |cby R. W. Duncan. |
| 260 | |aVictoria - British Columbia : |bNatural Resources Canada. |c1996. |
| 300 | |a4p. : |billus., references ; |c28 cm. |
| 490 | 1 |aForest pest leaflet|v69 |
| 590 | |a96-25|b1996-06-21 |
| 690 | 07|aInsects|2gcpds |
| 720 | 1 |aDuncan, R. W. |
| 776 | 0#|tCommon pitch moths of pine in British Columbia / |w(CaOODSP)9.573500 |
| 830 | #0|aForest pest leaflet ;|v69|w(CaOODSP)9.514653 |